000 01310cam a22003974i 4500
003 PE-LiUPU
005 20250731173201.0
008 150625s r 000 0 d
035 _a(Sirsi) a30192
040 _aPE-LiUPU
_bspa
_cPE-LiUPU
_erda
082 0 4 _a202
_bB18
_221
100 1 _aBalleste, Rafael,
_eautor.
245 1 0 _aHistoria de los Papas.
264 1 _aBarcelona :
_bEditorial Burguera,
_c1972.
300 _a221 páginas ;
_c17.5 cm.
336 _atext
_2rdacontent
337 _aunmediated
_2rdamedia
338 _avolume
_2rdacarrier
505 0 _aOrigenes y persecuciones. -De constantinopla a Aviñon. -Reformas y absolutismos. -Revoluciones y ecumene.
526 _aSEG42
526 _aSEG41
526 _aSEG40
526 _aSEG39
526 _aP94
526 _aP87
526 _aP86
526 _aP85
526 _aP77
526 _aP76
526 _aP35
942 _2ddc
_cBOOK
949 _a202 B18
_wDEWEY
_c1
_i37198
_lCCODEBUL1
_mBUL
_p00.00
_r0
_sY
_tBOOK
_u2015-06-25
_xBIBLIOTECA
_zUNKNOWN
_0COMPRA
_o.STAFF. Colección General
596 _a1
999 _a202 B18
_wDEWEY
_c37621
_i37198
_d37621
_f2021-11-11
_g5
_lCCODEBUL1
_mBUL
_q1
_r0
_sY
_tBOOK
_u2015-6-25
_xTEOLOGIA
_zUNKNOWN
_0COMPRA
_o.STAFF. Colección General
980 _81
_gALBERTO SANCHEZ Responsable de Automatización